[Event "BCF-chT2c 1516 (4NCL)"]
[Site "England"]
[Date "2016.04.30"]
[Round "9.232"]
[White "Tukpetov, Evgeny"]
[Black "Foord, Dominic"]
[Result "1-0"]
[WhiteElo "2305"]
[BlackElo "2102"]
[PlyCount "89"]
[EventDate "2015.11.14"]
[EventType "team-swiss"]
[EventRounds "11"]
[EventCountry "ENG"]
[SourceTitle "EXT 2017"]
[Source "ChessBase"]
[SourceDate "2016.10.25"]
[SourceVersion "1"]
[SourceVersionDate "2016.10.25"]
[SourceQuality "1"]
[WhiteTeam "Kings Head"]
[BlackTeam "KJCA Kings"]
[WhiteTeamCountry "ENG"]
[BlackTeamCountry "ENG"]

1. e4 e5 2. Nf3 Nc6 3. c3 d5 4. Qa4 Bd7 5. exd5 Nd4 6. Qd1 Nxf3+ 7. Qxf3 f5 8. Bc4 Bd6 9. d4 e4 10. Qh5+ g6 11. Qg5 Nf6 12. Bf4 Qe7 13. Nd2 0-0-0 14. Bb3 h6 15. Qg3 g5 16. Bxd6 cxd6 17. Qe3 Ng4 18. Qe2 e3 19. fxe3 Nxe3 20. Nc4 Nxg2+ 21. Kd2 Qxe2+ 22. Kxe2 Kc7 23. Kd2 f4 24. Rag1 Nh4 25. Bd1 Bf5 26. Re1 b5 27. Na5 f3 28. Nc6 Rde8 29. Re3 Be4 30. Rhe1 f2 31. Rf1 Rhf8 32. Bh5 Bg2 33. Rxe8 Rxe8 34. Rxf2 Re4 35. Rf7+ Kb6 36. Nxa7 Bh3 37. Be2 Rf4 38. Re7 Rf2 39. Nxb5 Nf5 40. Re6 Bg4 41. c4 Rxh2 42. c5+ Ka5 43. cxd6 Ng3 44. d7 Rxe2+ 45. Kc3 1-0

[Event "London Classic op 7th"]
[Site "London"]
[Date "2015.12.07"]
[Round "5"]
[White "Fontaine, Olivier"]
[Black "Foord, Dominic"]
[Result "0-1"]
[WhiteElo "1826"]
[BlackElo "2075"]
[PlyCount "28"]
[EventDate "2015.12.04"]
[EventType "swiss"]
[EventRounds "9"]
[EventCountry "ENG"]
[SourceTitle "CBM 169 Extra"]
[Source "ChessBase"]
[SourceDate "2015.12.18"]
[SourceVersion "1"]
[SourceVersionDate "2015.12.18"]
[SourceQuality "1"]

1. Nf3 d5 2. g3 Nf6 3. Bg2 g6 4. 0-0 Bg7 5. d3 0-0 6. c4 d4 7. b4 Re8 8. Bb2 e5 9. Na3 a5 10. b5 Nbd7 11. Nc2 Nc5 12. Rb1 Bf5 13. Nh4 Be6 14. Bxb7 Nxb7 0-1

[Event "London Classic op 7th"]
[Site "London"]
[Date "2015.12.05"]
[Round "2"]
[White "Foord, Dominic"]
[Black "Miu, Marinel"]
[Result "1-0"]
[WhiteElo "2075"]
[BlackElo "1820"]
[PlyCount "133"]
[EventDate "2015.12.04"]
[EventType "swiss"]
[EventRounds "9"]
[EventCountry "ENG"]
[SourceTitle "CBM 169 Extra"]
[Source "ChessBase"]
[SourceDate "2015.12.18"]
[SourceVersion "1"]
[SourceVersionDate "2015.12.18"]
[SourceQuality "1"]

1. d4 e6 2. c4 d5 3. Nc3 Nf6 4. cxd5 exd5 5. Bg5 Nbd7 6. e3 Be7 7. Bd3 h6 8. Bh4 c6 9. Qc2 0-0 10. Nge2 Re8 11. f3 Qa5 12. 0-0 Bd6 13. Bf2 Qc7 14. h3 Nh5 15. e4 Bh2+ 16. Kh1 Ng3+ 17. Bxg3 Bxg3 18. e5 Bxe5 19. dxe5 Qxe5 20. f4 Qd6 21. b3 Nc5 22. Rae1 Bd7 23. Qd2 f5 24. Bb1 Qf6 25. Nxd5 Qd6 26. b4 Ne4 27. Bxe4 Rxe4 28. Nf6+ Qxf6 29. Qxd7 Re7 30. Qd2 Rae8 31. Ng1 Re4 32. Nf3 Rd8 33. Qc1 Rxb4 34. Ne5 Rd5 35. Rd1 Rbd4 36. Rxd4 Rxd4 37. Qb2 Re4 38. Qxb7 Qe6 39. Qxa7 Re2 40. Rf2 Re1+ 41. Kh2 Qd5 42. Qe7 Kh7 43. Qe8 Qd4 44. Qg6+ Kg8 45. Qe6+ Kh7 46. Qxf5+ Kg8 47. Qc2 Qa1 48. Nf3 Rh1+ 49. Kg3 Qf6 50. Re2 g5 51. fxg5 hxg5 52. Qd2 Qf4+ 53. Qxf4 gxf4+ 54. Kxf4 Rc1 55. a4 Ra1 56. Re4 Kf7 57. Ne5+ Ke6 58. Nxc6+ Kd5 59. Ne7+ Kd6 60. Nf5+ Kd7 61. g4 Rf1+ 62. Ke5 Ke8 63. h4 Kf7 64. h5 Rc1 65. g5 Rc5+ 66. Kf4 Ra5 67. Rb4 1-0

[Event "BCF-chT2b 1516 (4NCL)"]
[Site "England"]
[Date "2015.11.14"]
[Round "1.27"]
[White "Thompson, Ian D"]
[Black "Foord, Dominic"]
[Result "1-0"]
[WhiteElo "2237"]
[BlackElo "2081"]
[PlyCount "51"]
[EventDate "2015.11.14"]
[EventType "team-tourn"]
[EventRounds "7"]
[EventCountry "ENG"]
[SourceTitle "CBM 169 Extra"]
[Source "ChessBase"]
[SourceDate "2015.12.18"]
[SourceVersion "1"]
[SourceVersionDate "2015.12.18"]
[SourceQuality "1"]
[WhiteTeam "BCM Dragons"]
[BlackTeam "KJCA Kings"]
[WhiteTeamCountry "ENG"]
[BlackTeamCountry "ENG"]

1. Nf3 d5 2. d4 Nf6 3. c4 e6 4. Nc3 c6 5. e3 Nbd7 6. Qc2 Bd6 7. Bd2 Qe7 8. h3 0-0 9. Bd3 dxc4 10. Bxc4 b5 11. Bd3 Bb7 12. Ng5 h6 13. Nge4 Nxe4 14. Nxe4 e5 15. 0-0 Rac8 16. Nxd6 Qxd6 17. dxe5 Nxe5 18. Be4 Rfe8 19. Rfd1 Qe7 20. Bh7+ Kh8 21. Bf5 Rcd8 22. Bc3 c5 23. Be4 Bxe4 24. Qxe4 Nd3 25. Qc6 Qh4 26. Rxd3 1-0

[Event "BCF-chT2a 1314 (4NCL)"]
[Site "England"]
[Date "2014.02.16"]
[Round "6.35"]
[White "Foord, Dominic"]
[Black "Hewitt, William"]
[Result "1/2-1/2"]
[WhiteElo "2094"]
[BlackElo "2045"]
[PlyCount "80"]
[EventDate "2013.11.16"]
[EventType "team-swiss"]
[EventRounds "11"]
[EventCountry "ENG"]
[SourceTitle "EXT 2015"]
[Source "ChessBase"]
[SourceDate "2014.11.20"]
[SourceVersion "1"]
[SourceVersionDate "2014.11.20"]
[SourceQuality "1"]
[WhiteTeam "KJCA Kings"]
[BlackTeam "Rhyfelwyr Essyllwg"]
[WhiteTeamCountry "ENG"]
[BlackTeamCountry "ENG"]

1. d4 Nf6 2. Bg5 d5 3. e3 Nbd7 4. Bd3 g6 5. f4 Bg7 6. Nf3 0-0 7. Nbd2 c5 8. c3 b6 9. 0-0 e6 10. Qe1 Bb7 11. Qh4 Qc7 12. Rae1 Ne4 13. Bh6 f6 14. g4 Rf7 15. Re2 Re8 16. Bxg7 Rxg7 17. g5 c4 18. Bxe4 dxe4 19. Ne1 f5 20. Nc2 Bd5 21. Qe1 Rc8 22. h4 b5 23. Rh2 a5 24. h5 Qb6 25. Nb1 Kf7 26. Rff2 Rb8 27. Qd1 Nf8 28. Ne1 Rb7 29. Nc2 Rb8 30. Na1 b4 31. cxb4 axb4 32. Rc2 Ra8 33. Nd2 Qa6 34. b3 c3 35. Nb1 Qd3 36. Qc1 Kg8 37. Rce2 Rga7 38. Nc2 Qb5 39. Na1 Qd3 40. Nc2 Qb5 1/2-1/2

[Event "BCF-chT2b 1213 (4NCL)"]
[Site "England"]
[Date "2013.02.23"]
[Round "5.83"]
[White "Haria, Ravi"]
[Black "Foord, Dominic"]
[Result "0-1"]
[WhiteElo "2053"]
[BlackElo "2099"]
[PlyCount "70"]
[EventDate "2012.11.03"]
[EventType "team-tourn"]
[EventRounds "7"]
[EventCountry "ENG"]
[SourceTitle "EXT 2014"]
[Source "ChessBase"]
[SourceDate "2013.11.20"]
[SourceVersion "1"]
[SourceVersionDate "2013.11.20"]
[SourceQuality "1"]
[WhiteTeam "Kings Head"]
[BlackTeam "KJCA Kings"]
[WhiteTeamCountry "ENG"]
[BlackTeamCountry "ENG"]

1. e4 e5 2. Nf3 Nc6 3. Bb5 a6 4. Ba4 Nf6 5. 0-0 Be7 6. Bxc6 dxc6 7. d3 Qd6 8. b3 Be6 9. Bb2 Nd7 10. Nbd2 0-0-0 11. a4 f6 12. Qe2 c5 13. Nc4 Bxc4 14. dxc4 Nb8 15. Rfd1 Qe6 16. Rd5 Nc6 17. c3 Na5 18. b4 Nc6 19. b5 Na5 20. Rad1 b6 21. Nd2 Kb7 22. Nf1 Ka7 23. Ne3 Nb7 24. f3 a5 25. Ba3 g6 26. Rxd8 Bxd8 27. Nd5 Nd6 28. Qd3 Kb7 29. Nxb6 Kxb6 30. Bxc5+ Kb7 31. Bxd6 cxd6 32. Qxd6 Bb6+ 33. Kh1 Rd8 34. c5 Rxd6 35. Rxd6 Qxd6 0-1

[Event "Hastings Masters op 85th"]
[Site "Hastings"]
[Date "2010.01.02"]
[Round "6"]
[White "Foord, Dominic"]
[Black "Kirk, Ezra"]
[Result "1-0"]
[WhiteElo "2051"]
[BlackElo "1919"]
[PlyCount "83"]
[EventDate "2009.12.28"]
[EventType "swiss"]
[EventRounds "9"]
[EventCountry "ENG"]
[SourceTitle "CBM 134 Extra"]
[Source "ChessBase"]
[SourceDate "2010.03.03"]
[SourceVersion "1"]
[SourceVersionDate "2010.03.03"]
[SourceQuality "1"]

1. d4 Nf6 2. c4 g6 3. Nc3 Bg7 4. e4 d6 5. Nf3 0-0 6. Be2 e5 7. 0-0 Nc6 8. d5 Ne7 9. b4 Nh5 10. Re1 Nf4 11. Bf1 f5 12. Bxf4 exf4 13. Rc1 a5 14. bxa5 Rxa5 15. Qd2 Ra3 16. Nb5 Ra8 17. Qxf4 Rxa2 18. c5 fxe4 19. Qxe4 Nf5 20. Qc4 Ra5 21. cxd6 cxd6 22. Qb4 Qb6 23. Re4 Ra2 24. Qe1 Bd7 25. Nc3 Rb2 26. Nd1 Ra2 27. Qb4 Qa7 28. Rc7 Ra1 29. Rxb7 Qa2 30. Rxd7 Rxd1 31. Re1 Rxe1 32. Qxe1 Qxd5 33. Rc7 Qa8 34. Qe6+ Kh8 35. Ng5 Nh6 36. Qd7 Rg8 37. Qxd6 Qa5 38. h4 Rf8 39. Qxf8+ Bxf8 40. Rxh7+ Kg8 41. Bc4+ Nf7 42. Bxf7# 1-0

[Event "Hastings Masters op 85th"]
[Site "Hastings"]
[Date "2009.12.29"]
[Round "2"]
[White "Foord, Dominic"]
[Black "Druckenthaner, Andreas"]
[Result "0-1"]
[WhiteElo "2051"]
[BlackElo "2296"]
[PlyCount "66"]
[EventDate "2009.12.28"]
[EventType "swiss"]
[EventRounds "9"]
[EventCountry "ENG"]
[SourceTitle "CBM 134 Extra"]
[Source "ChessBase"]
[SourceDate "2010.03.03"]
[SourceVersion "1"]
[SourceVersionDate "2010.03.03"]
[SourceQuality "1"]

1. d4 f5 2. Nf3 Nf6 3. g3 e6 4. Bg2 Be7 5. 0-0 0-0 6. c4 d6 7. Nc3 Ne4 8. Nxe4 fxe4 9. Nd2 d5 10. f3 Bf6 11. e3 exf3 12. Bxf3 Nc6 13. Kh1 Ne7 14. Qb3 Kh8 15. Nb1 dxc4 16. Qxc4 e5 17. d5 Bh3 18. Rd1 Bg5 19. Bg4 Bxg4 20. Qxg4 Nf5 21. Qe4 Qf6 22. Nc3 Qh6 23. Qxe5 Rae8 24. Qxc7 Re7 25. Qc5 Nxg3+ 26. Kg1 Qh3 27. Bd2 Rf2 28. Qc8+ Qxc8 29. Kxf2 Ne4+ 30. Nxe4 Qf5+ 31. Ke2 Qg4+ 32. Kd3 Qxe4+ 33. Kc3 Qxd5 0-1

[Event "Hastings Masters op 85th"]
[Site "Hastings"]
[Date "2009.12.28"]
[Round "1"]
[White "MacRae, James"]
[Black "Foord, Dominic"]
[Result "0-1"]
[WhiteElo "1752"]
[BlackElo "2051"]
[PlyCount "76"]
[EventDate "2009.12.28"]
[EventType "swiss"]
[EventRounds "9"]
[EventCountry "ENG"]
[SourceTitle "CBM 134 Extra"]
[Source "ChessBase"]
[SourceDate "2010.03.03"]
[SourceVersion "1"]
[SourceVersionDate "2010.03.03"]
[SourceQuality "1"]

1. d4 e6 2. Nf3 f5 3. c3 Nf6 4. Bg5 h6 5. Bxf6 Qxf6 6. Nbd2 d5 7. e3 Bd6 8. c4 c6 9. Qc2 0-0 10. g3 Bd7 11. Qb3 b6 12. Bg2 Be8 13. a4 Nd7 14. Qc2 Rc8 15. cxd5 exd5 16. 0-0 Bh5 17. h4 Rfe8 18. Rac1 Qg6 19. Kh2 Nf6 20. Ne5 Bxe5 21. dxe5 Ne4 22. Nxe4 fxe4 23. Qc3 Bg4 24. f3 exf3 25. Bxf3 Bxf3 26. Rxf3 Qe4 27. Rf4 Qxe5 28. Qxe5 Rxe5 29. Rc3 c5 30. Kg2 Rce8 31. Kf3 R8e6 32. b3 g5 33. hxg5 hxg5 34. Rg4 a5 35. Rd3 Kf7 36. Kg2 Kg6 37. e4 dxe4 38. Re3 Kf5 0-1

[Event "SCO-ch"]
[Site "Edinburgh"]
[Date "2009.07.19"]
[Round "9"]
[White "Foord, Dominic"]
[Black "Tate, Alan"]
[Result "1-0"]
[WhiteElo "2069"]
[BlackElo "2195"]
[PlyCount "113"]
[EventDate "2009.07.11"]
[EventType "swiss"]
[EventRounds "9"]
[EventCountry "SCO"]
[SourceTitle "CBM 131 Extra"]
[Source "ChessBase"]
[SourceDate "2009.09.03"]
[SourceVersion "2"]
[SourceVersionDate "2009.09.16"]
[SourceQuality "1"]

1. d4 Nf6 2. c4 c5 3. d5 b5 4. cxb5 a6 5. bxa6 g6 6. Nc3 Bxa6 7. g3 d6 8. Bg2 Bg7 9. Nf3 0-0 10. 0-0 Nbd7 11. Rb1 Ne8 12. Qc2 Nc7 13. Rd1 Nb6 14. e4 Nb5 15. Nxb5 Bxb5 16. b3 Qc8 17. Bg5 Re8 18. a4 Nxa4 19. bxa4 Bxa4 20. Qe2 Bxd1 21. Rxd1 Qa6 22. Qe1 Qa4 23. Rc1 h6 24. Bd2 Rab8 25. Bf1 Rb3 26. Kg2 Qa3 27. Qd1 Ra8 28. Bc4 Rb2 29. Qe1 Ra4 30. e5 dxe5 31. Bc3 e4 32. Ne5 Bxe5 33. Bxe5 Qf3+ 34. Kg1 Rbb4 35. Be2 Qf5 36. Bc3 Rb8 37. Qd1 Ra2 38. d6 exd6 39. Qxd6 Re8 40. Re1 Rc2 41. Ba1 Ra8 42. Qd1 Rca2 43. Bc3 Kh7 44. Qc1 f6 45. Qb1 h5 46. Qb7+ Kh6 47. Bb2 Qe6 48. Bc1+ g5 49. Qc7 Rc8 50. Qb7 c4 51. Bxh5 f5 52. Be2 f4 53. Bf3 e3 54. Bxe3 fxe3 55. Rxe3 Qf5 56. Qb6+ Kg7 57. Qd4+ 1-0

[Event "SCO-ch"]
[Site "Edinburgh"]
[Date "2009.07.18"]
[Round "8"]
[White "Grant, Jonathan"]
[Black "Foord, Dominic"]
[Result "1-0"]
[WhiteElo "2254"]
[BlackElo "2069"]
[PlyCount "185"]
[EventDate "2009.07.11"]
[EventType "swiss"]
[EventRounds "9"]
[EventCountry "SCO"]
[SourceTitle "CBM 131 Extra"]
[Source "ChessBase"]
[SourceDate "2009.09.03"]
[SourceVersion "2"]
[SourceVersionDate "2009.09.16"]
[SourceQuality "1"]

1. c4 e6 2. Nf3 d5 3. d4 Nf6 4. g3 Bb4+ 5. Bd2 Be7 6. Bg2 0-0 7. 0-0 c6 8. Bg5 b6 9. Nbd2 Bb7 10. Qc2 Nbd7 11. Rac1 Rc8 12. Rfd1 h6 13. Bxf6 Nxf6 14. e4 dxe4 15. Nxe4 Qc7 16. c5 Rfd8 17. b4 Nd5 18. a3 a5 19. Qb3 axb4 20. axb4 Ba6 21. Ne5 bxc5 22. Nxc5 Bxc5 23. Rxc5 Qb7 24. Rb1 Bb5 25. Rbc1 Rd6 26. Bxd5 Rxd5 27. Rxd5 cxd5 28. Rc5 Ra8 29. Qc3 Qa6 30. h4 f6 31. Ng6 Bc4 32. h5 Qa2 33. Qe3 Qb1+ 34. Kg2 Qf1+ 35. Kh2 Kh7 36. Ra5 Rb8 37. Ra7 Qd1 38. Nf4 Re8 39. Rb7 e5 40. dxe5 Rxe5 41. Qa7 Rg5 42. Rb8 d4 43. Qa8 Rxh5+ 44. Nxh5 Qxh5+ 45. Kg1 Qf5 46. Rd8 Qd3 47. Qa1 Bb5 48. Rxd4 Qf5 49. Qd1 Qg6 50. Rg4 Ba4 51. Qe2 Qb1+ 52. Kh2 f5 53. Rd4 Bc6 54. f3 Bb5 55. Qxb5 Qb2+ 56. Kh3 Qxd4 57. Qxf5+ Kh8 58. b5 Qc4 59. b6 Qf1+ 60. Kg4 Qc4+ 61. Qe4 Qc8+ 62. Qf5 h5+ 63. Kg5 Qd8+ 64. Kxh5 Qxb6 65. f4 Qd8 66. Qe4 Qd1+ 67. Kg5 Qd8+ 68. Kg4 Qd1+ 69. Kh4 Qd8+ 70. Kh3 Qd7+ 71. f5 Kg8 72. g4 Qd8 73. Qe3 Kh8 74. g5 Qc8 75. Kg4 Qc4+ 76. Kh5 Qf7+ 77. Kg4 Qc4+ 78. Kg3 Qc7+ 79. Qf4 Qc3+ 80. Kg4 Qb2 81. g6 Qg2+ 82. Kh4 Qh1+ 83. Kg3 Qg1+ 84. Kh3 Qh1+ 85. Qh2 Qxh2+ 86. Kxh2 Kg8 87. Kg3 Kf8 88. Kf4 Ke8 89. Ke4 Kf8 90. Ke5 Ke7 91. Ke4 Ke8 92. Ke5 Kf8 93. Ke6 1-0

[Event "SCO-ch"]
[Site "Edinburgh"]
[Date "2009.07.12"]
[Round "2"]
[White "Foord, Dominic"]
[Black "Oskarsson, Aron Ingi"]
[Result "1-0"]
[WhiteElo "2069"]
[BlackElo "1876"]
[PlyCount "77"]
[EventDate "2009.07.11"]
[EventType "swiss"]
[EventRounds "9"]
[EventCountry "SCO"]
[SourceTitle "CBM 131 Extra"]
[Source "ChessBase"]
[SourceDate "2009.09.03"]
[SourceVersion "2"]
[SourceVersionDate "2009.09.16"]
[SourceQuality "1"]

1. d4 d5 2. c4 c6 3. Nc3 Nf6 4. e3 Bf5 5. Nf3 e6 6. Nh4 Bg6 7. Nxg6 hxg6 8. h3 dxc4 9. Bxc4 Nd5 10. 0-0 Bd6 11. e4 Nxc3 12. bxc3 Nd7 13. e5 Be7 14. Bb3 0-0 15. Re1 Rc8 16. c4 b5 17. cxb5 cxb5 18. d5 exd5 19. Qxd5 Rc5 20. Qb7 Rxe5 21. Bb2 Rxe1+ 22. Rxe1 Bb4 23. Rd1 Nc5 24. Bxf7+ Kh8 25. Rxd8 Nxb7 26. Rxf8+ Bxf8 27. Bxg6 Kg8 28. Kf1 Bc5 29. Be4 Nd6 30. Bd5+ Kf8 31. g4 Nf7 32. f4 Bd6 33. f5 Be5 34. Bxe5 Nxe5 35. Ke2 Ke7 36. Ke3 Nd7 37. Bc6 b4 38. Bxd7 Kxd7 39. Kd4 1-0

[Event "Uxbridge op"]
[Site "Denham"]
[Date "2009.02.21"]
[Round "2"]
[White "Tobisch, John"]
[Black "Foord, Dominic"]
[Result "1/2-1/2"]
[WhiteElo "1891"]
[BlackElo "2043"]
[PlyCount "104"]
[EventDate "2009.02.20"]
[EventType "swiss"]
[EventRounds "5"]
[EventCountry "ENG"]
[SourceTitle "EXT 2011"]
[Source "ChessBase"]
[SourceDate "2010.11.26"]
[SourceVersion "1"]
[SourceVersionDate "2010.11.26"]
[SourceQuality "1"]

1. d4 f5 2. Bg5 h6 3. Bh4 c5 4. e4 Qb6 5. exf5 Qxb2 6. Nd2 Qxd4 7. Ngf3 Qa4 8. Bc4 Nc6 9. 0-0 d6 10. Bb3 Qg4 11. h3 Qxf5 12. Bg3 Nf6 13. Nh4 Qh7 14. c3 g5 15. Bc2 Qg7 16. Ng6 Rg8 17. Re1 Kd8 18. Nc4 Ne8 19. Nxf8 Qxf8 20. Qd3 b5 21. Ne3 Nc7 22. Rad1 Be6 23. Bxd6 exd6 24. Qxd6+ Qxd6 25. Rxd6+ Bd7 26. Red1 Rg7 27. Rxc6 Kc8 28. Bf5 Bxf5 29. Nxf5 Kb7 30. Rxh6 Rgg8 31. Nd6+ Kb8 32. Rb1 a6 33. a4 Nd5 34. axb5 a5 35. Rh7 Ra7 36. Rxa7 Kxa7 37. b6+ Nxb6 38. Rb5 Ka6 39. Rxc5 a4 40. Nb5 g4 41. hxg4 Rxg4 42. f3 Rc4 43. Rxc4 Nxc4 44. Nd4 a3 45. Nc2 Kb5 46. Kf2 a2 47. Ke2 Ka4 48. Kd1 Kb3 49. Kc1 Kxc3 50. g4 Ne5 51. g5 Ng6 52. Na1 Nf4 1/2-1/2

[Event "Uxbridge op"]
[Site "Denham"]
[Date "2009.02.20"]
[Round "1"]
[White "Doci, Stefan"]
[Black "Foord, Dominic"]
[Result "1-0"]
[WhiteElo "2052"]
[BlackElo "2043"]
[PlyCount "53"]
[EventDate "2009.02.20"]
[EventType "swiss"]
[EventRounds "5"]
[EventCountry "ENG"]
[SourceTitle "EXT 2011"]
[Source "ChessBase"]
[SourceDate "2010.11.26"]
[SourceVersion "1"]
[SourceVersionDate "2010.11.26"]
[SourceQuality "1"]

1. e4 e5 2. Nc3 Nc6 3. Bc4 Nf6 4. d3 Na5 5. Bb5 a6 6. Ba4 b5 7. Bb3 Be7 8. f4 d6 9. Nf3 Nxb3 10. axb3 b4 11. Ne2 Nd7 12. 0-0 Bb7 13. Ng3 0-0 14. Nf5 Bf6 15. Qe1 a5 16. Qg3 Kh8 17. Kh1 Qe8 18. fxe5 Nxe5 19. Bg5 Bxg5 20. Nxg5 g6 21. Qh4 h5 22. d4 Nd7 23. Rae1 f6 24. Nh3 gxf5 25. Rxf5 Rf7 26. Rxh5+ Kg8 27. Rh8+ 1-0